Acute human pyelonephritis Leukocytic infiltration of tubules and localization of bacteria /

Elmentve itt :
Bibliográfiai részletek
Szerzők: Iványi Béla
Rumpelt H J
Thoenes W
Dokumentumtípus: Cikk
Megjelent: 1988
Sorozat:VIRCHOWS ARCHIV-A-PATHOLOGICAL ANATOMY AND HISTOPATHOLOGY 414 No. 1
Tárgyszavak:
doi:10.1007/BF00749735

mtmt:2166300
Online Access:http://publicatio.bibl.u-szeged.hu/32850
LEADER 00809nab a2200229 i 4500
001 publ32850
005 20250423112901.0
008 250423s1988 hu o 000 eng d
022 |a 0174-7398 
024 7 |a 10.1007/BF00749735  |2 doi 
024 7 |a 2166300  |2 mtmt 
040 |a SZTE Publicatio Repozitórium  |b hun 
041 |a eng 
100 1 |a Iványi Béla 
245 1 0 |a Acute human pyelonephritis  |h [elektronikus dokumentum] :  |b Leukocytic infiltration of tubules and localization of bacteria /  |c  Iványi Béla 
260 |c 1988 
300 |a 29-37 
490 0 |a VIRCHOWS ARCHIV-A-PATHOLOGICAL ANATOMY AND HISTOPATHOLOGY  |v 414 No. 1 
650 4 |a Klinikai orvostan 
700 0 1 |a Rumpelt H J  |e aut 
700 0 1 |a Thoenes W  |e aut 
856 4 0 |u http://publicatio.bibl.u-szeged.hu/32850/1/aok_klny_287_88.pdf  |z Dokumentum-elérés